Paul Goodman changed my life /

This film immerses you in a era of high intellect when New York was peaking culturally and artistically; when ideas, and the people who propounded them, seemed to punch in at a higher weight class than they do now. Using a treasure trove of archival multimedia -- director/producer Jonathan Lee and...

Full description

Bibliographic Details
Corporate Authors: JSL Films, Independent Feature Project, Zeitgeist Films
Other Authors: Lee, Jonathan, Reed, Kimberly
Format: Video DVD
Language:English
Language Notes:Englsih subtitles for the deaf and hearing impaired.
Published: United States : Zeitgeist Films, [2011]
Edition:Educational ed.
Subjects:

MARC

Tag First Indicator Second Indicator Subfields
LEADER 00000cgm a2200000Ia 4500
001 in00002749521
005 20151202170004.0
007 vd mvaizs
008 120206s2011 xxu089 vleng d
024 1 |a 795975114035 
028 4 2 |a Z1140  |b Zeitgeist 
035 |a (OCoLC)ocn775365418 
035 |a (OCoLC)775365418 
040 |a WTU  |c WTU  |d TEF  |d WIQ  |d IMD  |d TXA  |d UtOrBLW 
049 |a TXAM 
050 4 |a PS3513.O51  |b Z83 2011 
082 0 4 |a 813/.54092  |2 23 
245 0 0 |a Paul Goodman changed my life /  |c a production of JSL Films, LLC in association with IFP ; directed and produced by Jonathan Lee ; produced and edited by Kimberly Reed. 
246 3 |a Changed my life 
250 |a Educational ed. 
264 1 |a United States :  |b Zeitgeist Films,  |c [2011] 
264 4 |c ©2011 
300 |a 1 videodisc (89 min.) :  |b sound, color & black and white ;  |c 4 3/4 in. 
336 |a two-dimensional moving image  |b tdi  |2 rdacontent 
337 |a video  |b v  |2 rdamedia 
338 |a videodisc  |b vd  |2 rdacarrier 
538 |a DVD; 16:9 pillarboxed aspect ratio; stereo. 
546 |a Englsih subtitles for the deaf and hearing impaired. 
508 |a Director of photography, Benjamin Shapiro ; original score by Miriam Cutler. 
520 |a This film immerses you in a era of high intellect when New York was peaking culturally and artistically; when ideas, and the people who propounded them, seemed to punch in at a higher weight class than they do now. Using a treasure trove of archival multimedia -- director/producer Jonathan Lee and producer/editor Kimberly Reed have woven together a rich portrait of an intellectual heavyweight whose ideas are long overdue for rediscovery. 
500 |a Special features: new HD transfer; video interview with director Jonathan Lee; four deleted scenes; additional poetry readings; Living Theatre founder Judith Malina reads from her diaries; theatrical trailer. 
500 |a Videorecording. 
600 1 0 |a Goodman, Paul,  |d 1911-1972. 
650 0 |a Authors, American  |y 20th century  |v Biography. 
650 0 |a Poets, American  |y 20th century  |v Biography. 
655 7 |a Documentary films.  |2 lcgft 
655 7 |a Nonfiction films.  |2 lcgft 
655 7 |a Biographical films.  |2 lcgft 
655 7 |a Video recordings for the hearing impaired.  |2 lcgft 
700 1 |a Lee, Jonathan. 
700 1 |a Reed, Kimberly. 
710 2 |a JSL Films. 
710 2 |a Independent Feature Project. 
710 2 |a Zeitgeist Films. 
994 |a C0  |b TXA 
948 |a cataloged  |b h  |c 2012/4/24  |d c  |e agaffey  |f 10:39:37 am 
999 |a MARS 
999 f f |s fc7516a4-4a0d-38ff-91ae-f805100631f5  |i 401d0fd4-aa19-3fa7-801e-65598e16a803  |t 0 
952 f f |p ric  |a Texas A&M University  |b Rellis Campus  |c Joint Library Facility  |d Remote Storage  |t 0  |e PS3513.O51 Z83 2011  |h Library of Congress classification  |i video -- videodisc  |m A14841371768 
998 f f |a PS3513.O51 Z83 2011  |t 0  |l Remote Storage